00959nam a2200241 a 450000100100000000500170001000800410002704000250006808200260009310000510011924500640017025000110023426000530024530000210029850000730031959000260039265000280041865000310044671000610047791000380053895201240057699900170070000003824020251120073733.0130405s1979 dr r 000 p spa d aDO-SdBNPbspacBNPHU aRD861.44bR696p, 19791 aRodríguez Demorizi, Emilio,d1908-19869103910aPoesía popular dominicana /cEmilio Rodríguez Demorizi. a3a ed. aSantiago, República Dominicana :bUCMM,c1979. a300 p. ;c24 cm. aIncluye referencias bibliográficas y notas al pie de las páginas aInventariado, 2018/BT 0aPoesía dominicana966 0aLiteratura dominicana.9672 aPontificia Universidad Católica Madre y Maestra 9843 aValidado. Control de calidad. MFF 0010718PDaPDbPDcHDd2013-04-05iLF1l0oRD861.44 R696p, 1979p38240-10r2020-06-25w2020-06-25yLFPDZNo se presta c37730d37730